02252nam a2200289 a 4500041000800000110007400008245023400082260006000316300001000376505007400386505012900460505013300589505018800722505011500910505008301025505003601108520060601144650001901750650001801769650003401787650001301821650001601834650001201850650002601862650003401888662004001922 aspa bAsociación de Centros Educativos del Cañón del río Garrapatas aConsolidación del proceso de conservación comunitaria de la biodiversidad de la Reserva La Alejandría de la vereda La Hondura, municipio El Dovio, para ayudar a frenar el deterioro del ecosistema del Chocó biogeográfico aBogotábInstituto Alexander von HumboldtbACERGc2006 a97 p. aProducto 1: Escritura de los predios de los bosques de La Alendría aProducto 2: Carta de aprobación de afiliación a la Asociación de Centros Educativos del Cañón del Río Garrapatas aProducto 3: Comodato en el que la Alcaldía de El Dovio le hace entrega de la reserva a ACERG para su manejo y administración aProducto 4: Convenio de alianza estratégica suscrito entre la Alcaldía de El Dovio, la NG ACERG y la comunidad de la vereda LA HONDURA para el manejo de la reserva La Alejandría aDocumento 5: Documento con la caracterización de aves, mamíferos y árboles de la reserva La Alejandría aProducto 6: Documento Plan de Manejo Comunitario de la Reserva la Alejandría aProducto 7: Mapas de la Reserva aEste informe presenta en primer lugar una Caracterización de la Reserva La Alejandríam que incluye: a. Inventario y descripción de aves; b. Inventario preliminar de mamíferos encontrados en la Reserva La Alejandría sus bosques anexos; c. Inventario de árboles encontrados en la Reserva la Alejandría y sus bosques anexos. En segundo lugar se presenta el Plan de Trabajo Comunitario que comprende: antecedentes, ubicación geográfica, idetificación de objetivos de conservación, matriz DOFA, situaciones priorizadas, Plan de manejo: estrategias, actividades y actores responsables. aConservación aBiodiversidad aCaracterización biológica aAvifauna aMamíferos aArboles aEducación ambiental aRecuperación de ecosistemas cColombiadEl DoviobValle del Cauca